Disarm - Smashing Pumpkins (All lyrics) - Statistics

General Stats
  • This quiz has been taken 40 times
  • The average score is 151 of 169
Answer Stats
Hint Answer % Correct
A
100%
And
100%
Chorus I
100%
Me
100%
Smile
100%
To
100%
Used
100%
With
100%
WIth
100%
You
100%
Youx3
100%
Be
94%
Boy
94%
Verse 1 | Verse 2 Disarm
94%
In
94%
Is
94%
Killer
94%
Like
94%
Little
94%
My
94%
Shoes
94%
So
94%
The
94%
Want
94%
What
94%
Burn
88%
Choose
88%
Cut
88%
Do?
88%
Of
88%
Oh
88%
Supposed
88%
What's
88%
Child
81%
Choice
81%
Love
81%
Old
81%
Part
81%
Send
81%
That
81%
This
81%
Left
75%
Over
75%
Such
75%
Denial
69%
Leave
69%
Voice
63%
Here
56%
Alone
50%
Inside
50%
One
50%
They
50%
Who's
44%
Wither
44%
Years
44%
Bitterness
31%
No matching quizzes found
Score Distribution
Percent of People with Each Score
Percentile by Number Answered
Your Score History
You have not taken this quiz